• 首页
  • 本馆介绍
  • 公告通知
  • 最新文献
  • 馆藏检索
  • 电子资源
  • 读者导购
  • 参考咨询
  • 我的图书馆
  • 登录
  • 详细信息显示
  • 放入我的书架
  • 预约/预借图书
  • 作者相关作品
  • 分类相关作品
  • 丛书相关作品
  • 出版社相关作品

书目信息

  • 表格格式
  • 工作单格式
  • 卡片格式
题名:
现代物流基础
    
 
作者: 林婕 主编
分册:  
出版信息: 北京   中国财富出版社  2014
页数: 180页
开本: 26cm
丛书名:
单 册:
中图分类: F25
科图分类:
主题词: 物流--高等职业教育--教材
电子资源:
ISBN: 978-7-5047-5068-6
000 00957nam0 2200241 450
001 338760
005 20150603152215.35
010    @a978-7-5047-5068-6@dCNY28.00
100    @a20140320d2014 em y0chiy50 ea
101 0  @achi
102    @aCN@b110000
105    @aa z 000yy
106    @ar
200 1  @a现代物流基础@Axian dai wu liu ji chu@f林婕主编
210    @a北京@c中国财富出版社@d2014
215    @a180页@c图@d26cm
300    @a“十二五”高等职业教育物流专业工学结合系列教材
330    @a本教材结合了物流行业工作实际岗位、操作流程和工作任务, 在原有同类教材的理论基础上, 加入导学、学习资源、学习任务、任务研讨和练习自测等, 形成提出问题——分析问题——解决问题的学习任务编写思路。本教材旨在帮助学生尽快地实现对物流行业的认知, 并掌握进入该行业应当准备的相关基础知识, 形成一个有效的学习通道。
606 0  @a物流@x高等职业教育@j教材
690    @aF25@v5
701  0 @a林婕@Alin jie@4主编
801  0 @aCN@b卓展宏图@c20150525
905    @dF25@e222@f4
    
    现代物流基础/林婕主编.-北京:中国财富出版社,2014
    180页:图;26cm
    “十二五”高等职业教育物流专业工学结合系列教材
    
    ISBN 978-7-5047-5068-6:CNY28.00
    本教材结合了物流行业工作实际岗位、操作流程和工作任务, 在原有同类教材的理论基础上, 加入导学、学习资源、学习任务、任务研讨和练习自测等, 形成提出问题——分析问题——解决问题的学习任务编写思路。本教材旨在帮助学生尽快地实现对物流行业的认知, 并掌握进入该行业应当准备的相关基础知识, 形成一个有效的学习通道。
●
相关链接 在E读中查询图书 在五车中查询图书 在当当中查询图书 在豆瓣中查询图书


正题名:现代物流基础     索取号:F25/222         预约/预借

序号 登录号 条形码 馆藏地/架位号 状态 备注
1 860415   208604152   第一样本阅览室/ [索取号:F25/222] 在馆    
2 860416   208604161   密集书库-海洋学院/ [索取号:F25/222] 在馆    
3 860417   208604170   第一借阅区/ [索取号:F25/222] 在馆    
4 860418   208604189   第一借阅区/ [索取号:F25/222] 在馆    
唐山师范学院图书馆 欢迎您!
大连网信软件有限公司© 版权所有